000 00302nam a2200109Ia 4500
008 200302s9999 xx 000 0 und d
100 _aWalter Gropius
245 _aApollo in the Democracy the Cultural Obligation of the Architect
260 _bMcgraw-Hill Book Company
260 _c1968
300 _a182 P.,
999 _c116
_d116